000 00568nam a22001697a 4500
008 160504b xxu||||| |||| 00| 0 eng d
020 _a971-08-6943-4
082 _22009
_aDFil 370.1
_bB32f
100 _97485
_aBauzon, Prisciliano T.
245 _aFundamental philosophies of education/
_cPrisciliano T. Bauzon.
250 _aThird edition.
260 _aMandaluyong City:
_bNational Book Store,
_cc2009.
300 _axvi, 192 pages;
_c22 cm.
500 _aIncludes bibliographical references and index.
650 0 _97486
_aEducation
_xPhilosophy.
942 _2ddc
_cDRES
999 _c2284
_d2284